[Event "Championnat de France - Open A"]
[Site "Pau"]
[Date "2008.08.15"]
[Round "4.46"]
[White "Charpentier, Denis"]
[Black "Martinet, Regis"]
[Result "1/2-1/2"]
[WhiteElo "1974"]
[BlackElo "2049"]
[PlyCount "179"]

1. e4 c5 2. Nf3 Nc6 3. Bb5 Nf6 4. Qe2 Qc7 5. O-O Ng4 6. Bxc6 dxc6 7. e5 g6 8.
d3 Be6 9. Bf4 Bg7 10. Nc3 Nh6 11. Qe3 Nf5 12. Qxc5 b6 13. Qb4 Rd8 14. Rfe1 h6
15. g4 Nh4 16. Nxh4 g5 17. Bg3 gxh4 18. Bxh4 c5 19. Qa4+ Kf8 20. Qf4 Rd4 21.
Re4 Rxe4 22. Qxe4 Bxe5 23. Bg3 Bxg3 24. hxg3 Rg8 25. Qh7 Rxg4 26. Qxh6+ Kg8 27.
Qe3 Qc6 28. Re1 Rg6 29. Qe4 Qd6 30. Kg2 f5 31. Qa8+ Kf7 32. Rh1 Bd7 33. Rh7+
Ke6 34. Qh8 Bc6+ 35. Kf1 Kd7 36. Qf8 Rf6 37. Rf7 Rh6 38. Rxe7+ Qxe7 39. Qxh6 b5
40. Qg6 Qe5 41. Qf7+ Kd8 42. Qxa7 b4 43. Nb5 Bf3 44. Qb6+ Kd7 45. Qa7+ Ke8 46.
Nc7+ Kd8 47. Qb8+ Kd7 48. Qe8+ Qxe8 49. Nxe8 Kxe8 50. Ke1 Kd7 51. Kd2 Ke6 52.
Ke3 Bd5 53. a3 Ke5 54. axb4 cxb4 55. d4+ Kd6 56. Kf4 Be6 57. c4 Bxc4 58. Kxf5
Kd5 59. g4 Kxd4 60. g5 Kd3 61. Ke5 Kc2 62. f4 Kxb2 63. f5 Kc3 64. g6 b3 65. f6
b2 66. f7 b1=Q 67. f8=Q Qxg6 68. Qa3+ Kc2 69. Qa4+ Kd3 70. Qd1+ Kc3 71. Qa1+
Kb4 72. Qb2+ Ka5 73. Qc3+ Kb5 74. Qb2+ Kc6 75. Qd4 Qg5+ 76. Ke4 Qe7+ 77. Kf4
Qh4+ 78. Ke3 Qg3+ 79. Kd2 Kb5 80. Qd7+ Kb4 81. Qe7+ Ka4 82. Qa7+ Kb5 83. Qb7+
Kc5 84. Qe7+ Kd4 85. Qf6+ Ke4 86. Qc6+ Bd5 87. Qa4+ Kf5 88. Qd7+ Be6 89. Qd3+
Qxd3+ 90. Kxd3 1/2-1/2

[Event "Championnat de France - Open A"]
[Site "Pau"]
[Date "2008.08.15"]
[Round "4.47"]
[White "Chizelle, Bernard"]
[Black "Baudson, Charles"]
[Result "0-1"]
[WhiteElo "1960"]
[BlackElo "2041"]
[PlyCount "54"]

1. e4 e6 2. d3 d5 3. Nd2 c5 4. Ngf3 Nc6 5. g3 Nf6 6. Bg2 Be7 7. O-O b5 8. a4 b4
9. e5 Nd7 10. Re1 Qc7 11. Qe2 O-O 12. c4 bxc3 13. bxc3 Rb8 14. Nf1 Qa5 15. Qc2
Ba6 16. Bd2 Rfc8 17. h4 Qc7 18. Bf4 Rb7 19. N1h2 Rcb8 20. Ra2 d4 21. Bf1 Nb6
22. Rc1 Nd5 23. Bd2 dxc3 24. Bxc3 Ncb4 25. Qd2 Nxa2 26. Qxa2 Nxc3 27. Rxc3 Rb2
0-1

[Event "Championnat de France - Open A"]
[Site "Pau"]
[Date "2008.08.15"]
[Round "4.48"]
[White "Sauvadet, Herve"]
[Black "Brunier, Jules"]
[Result "0-1"]
[WhiteElo "2041"]
[BlackElo "1937"]
[PlyCount "102"]

1. e4 e6 2. d4 d5 3. Nc3 Nf6 4. Bg5 Bb4 5. e5 h6 6. Bd2 Bxc3 7. bxc3 Ne4 8. Qg4
g6 9. Bd3 Nxd2 10. Kxd2 c5 11. Nf3 Qa5 12. Qf4 Nc6 13. dxc5 Qxc5 14. Nd4 Bd7
15. Nb5 O-O-O 16. Nd6+ Kb8 17. Rhb1 Na5 18. Rb4 Rhf8 19. Rab1 Bc6 20. Qf6 b6
21. Rd4 Nb7 22. Nxb7 Kxb7 23. a4 Rc8 24. Rb3 Rc7 25. Qg7 h5 26. Rf4 Rfc8 27.
Bb5 Bxb5 28. axb5 Qe7 29. Rf6 Kb8 30. Rf4 Qg5 31. g3 f5 32. Qf6 Qxf6 33. exf6
e5 34. Ra4 Rf8 35. f4 e4 36. Rd4 Rc5 37. c4 dxc4 38. Ra3 Rxf6 39. Rd7 Rc7 40.
Rxc7 Kxc7 41. Rxa7+ Kd6 42. Kc3 Kc5 43. Re7 Kxb5 44. Re5+ Ka4 45. Kxc4 Rc6+ 46.
Kd5 Rc5+ 47. Kd4 Rxe5 48. fxe5 Kb5 49. e6 Kc6 50. Ke5 e3 51. e7 Kd7 0-1

[Event "Championnat de France - Open A"]
[Site "Pau"]
[Date "2008.08.15"]
[Round "4.49"]
[White "Muratet, Lucas"]
[Black "Schweitzer, Adrien"]
[Result "0-1"]
[WhiteElo "1934"]
[BlackElo "2041"]
[PlyCount "76"]

1. e4 e5 2. Nf3 Nc6 3. Bb5 f5 4. d3 fxe4 5. dxe4 Nf6 6. O-O Bc5 7. Nc3 d6 8.
Bg5 O-O 9. Nd5 Be6 10. c3 Ne7 11. Bc4 Nexd5 12. Bxd5 Bxd5 13. exd5 Qe8 14. Bxf6
gxf6 15. Nd2 Qg6 16. b4 Bb6 17. Qf3 f5 18. Nc4 Kh8 19. a4 a5 20. Nxa5 Bxa5 21.
bxa5 Rxa5 22. Rfb1 b6 23. Rb5 Rfa8 24. Rxa5 Rxa5 25. c4 Qg5 26. Qc3 Kg7 27. Rf1
Qf6 28. Qg3+ Kf7 29. Qh3 h6 30. Ra1 Qg5 31. Qc3 h5 32. Ra3 Rc5 33. Qc2 Qg4 34.
Rc3 Kf6 35. h3 Qg5 36. Qe2 h4 37. Kh1 Ra5 38. Ra3 Qc1+ 0-1

[Event "Championnat de France - Open A"]
[Site "Pau"]
[Date "2008.08.15"]
[Round "4.50"]
[White "Ane, Cedric"]
[Black "Fourcand, Pierre"]
[Result "1-0"]
[WhiteElo "2033"]
[BlackElo "1933"]
[PlyCount "39"]

1. e4 c5 2. Nf3 d6 3. c3 Nf6 4. h3 g6 5. Bd3 Bg7 6. O-O Nc6 7. Bc2 O-O 8. d4
cxd4 9. cxd4 Nb4 10. Bb3 Bd7 11. Nc3 Rc8 12. Re1 Ne8 13. Bf4 Qc7 14. Rc1 Qb8
15. Qd2 e5 16. Bg5 exd4 17. Nxd4 Nf6 18. Rcd1 Bc6 19. Ndb5 Rfd8 20. Qf4 1-0

[Event "Championnat de France - Open A"]
[Site "Pau"]
[Date "2008.08.15"]
[Round "4.51"]
[White "Gaubil, Olivier"]
[Black "Batteux, Mickael"]
[Result "1/2-1/2"]
[WhiteElo "2154"]
[BlackElo "2030"]
[PlyCount "91"]

1. Nf3 d5 2. d4 e6 3. g3 f5 4. Bg2 Nf6 5. O-O Bd6 6. b3 O-O 7. Bb2 Nbd7 8. Ne1
Qe8 9. Nd3 c6 10. Nd2 e5 11. dxe5 Nxe5 12. Nxe5 Bxe5 13. Bxe5 Qxe5 14. e3 Ne4
15. Nf3 Qe7 16. Rc1 Nc3 17. Qd2 Nxa2 18. Ra1 Nb4 19. Nd4 Bd7 20. c3 Na6 21. Ra5
Nc7 22. Rfa1 a6 23. b4 Rad8 24. Bf1 Ne6 25. Re1 Rde8 26. Re2 Qf6 27. f4 Nxd4
28. exd4 Rxe2 29. Bxe2 Re8 30. Ra1 Qe6 31. Bd3 Qe3+ 32. Qxe3 Rxe3 33. Rd1 Kf7
34. Kf2 Re8 35. Ra1 Kf6 36. Rg1 h6 37. h4 Re7 38. Re1 Be8 39. Be2 Bf7 40. h5
Be6 41. Bd3 Bc8 42. Be2 Bd7 43. Bd3 Bc8 44. Ra1 Bd7 45. Ra2 Bc8 46. Ra1 1/2-1/2

[Event "Championnat de France - Open A"]
[Site "Pau"]
[Date "2008.08.15"]
[Round "4.52"]
[White "Prodhomme, Boris"]
[Black "Petitjean, Pierre"]
[Result "1-0"]
[WhiteElo "2151"]
[BlackElo "2025"]
[PlyCount "63"]

1. d4 g6 2. c4 Bg7 3. Nf3 Nf6 4. Nc3 O-O 5. g3 d6 6. Bg2 Nbd7 7. O-O c6 8. e4
e5 9. Re1 Qc7 10. h3 Re8 11. Be3 Nf8 12. Qd2 N6d7 13. Rad1 Nb6 14. b3 a5 15.
dxe5 dxe5 16. Bc5 Nbd7 17. Ba3 Ne6 18. Na4 b5 19. cxb5 cxb5 20. Qd5 Nf6 21.
Qxa8 bxa4 22. Rc1 Qd7 23. Nxe5 Qd2 24. Nf3 Qd7 25. Red1 Bb7 26. Qa7 Qb5 27.
bxa4 Qxa4 28. Qxb7 Nxe4 29. Qb3 Nxg3 30. Qxa4 Ne2+ 31. Kf1 Ng3+ 32. fxg3 1-0

[Event "Championnat de France - Open A"]
[Site "Pau"]
[Date "2008.08.15"]
[Round "4.53"]
[White "Deschler, Fabrice"]
[Black "Menneveux, Jerome"]
[Result "0-1"]
[WhiteElo "2141"]
[BlackElo "2027"]
[PlyCount "92"]

1. d4 f5 2. g3 Nf6 3. Bg2 d6 4. Nf3 Nc6 5. d5 Ne5 6. Nfd2 g6 7. c4 Bg7 8. O-O
O-O 9. Nc3 h6 10. f4 Neg4 11. Nb3 Nh5 12. Qd3 Kh7 13. Nd4 c6 14. e3 e5 15. dxe6
Qe7 16. Bd2 Bxe6 17. Rae1 Bd7 18. Bf3 Rad8 19. Kg2 Qf7 20. b3 Bc8 21. h3 Ngf6
22. e4 Nxe4 23. Nxe4 fxe4 24. Bxe4 Nf6 25. Bf3 d5 26. Be3 dxc4 27. Qxc4 Nd5 28.
Bxd5 Rxd5 29. Nf3 Bf5 30. Qa4 a6 31. Bc1 Bc3 32. Re3 Bf6 33. g4 Bd3 34. Rfe1
Qd7 35. Qb4 c5 36. Qb6 Bb5 37. Ne5 Rxe5 38. Rxe5 Bc6+ 39. Kh2 Bxe5 40. Rxe5 Qd1
41. Qxc5 Qf3 42. Re7+ Kg8 43. Qc2 Rf6 44. Qb2 g5 45. Qc2 Qh1+ 46. Kg3 Qg1+ 0-1

[Event "Championnat de France - Open A"]
[Site "Pau"]
[Date "2008.08.15"]
[Round "4.54"]
[White "Licayan, Albert"]
[Black "Forgues, Valerie"]
[Result "0-1"]
[WhiteElo "2139"]
[BlackElo "1999"]
[PlyCount "158"]

1. e4 e5 2. Nf3 Nc6 3. d4 exd4 4. Nxd4 Nf6 5. Nxc6 bxc6 6. e5 Qe7 7. Qe2 Nd5 8.
c4 Ba6 9. b3 Qh4 10. Bb2 Bb4+ 11. Nd2 Nc3 12. Bxc3 Bxc3 13. Rc1 Qd4 14. Qd3
Qxd3 15. Bxd3 Bxe5 16. O-O O-O 17. Nf3 Bf6 18. Bf5 d6 19. Rfd1 c5 20. Be4 Rab8
21. Re1 Bc8 22. Bc6 Be6 23. Rcd1 Rb6 24. Ba4 Rd8 25. h3 Kf8 26. Re3 g6 27. Red3
Ra6 28. Rc1 Bb2 29. Rcd1 Bxc4 30. R3d2 Bf6 31. g4 Be6 32. Bb5 Rb6 33. Bc4 Bxc4
34. bxc4 Rb4 35. Rc2 Rdb8 36. Kg2 Ra4 37. g5 Bg7 38. Re1 Re8 39. Rb1 Rb4 40.
Rbc1 a5 41. Nd2 a4 42. f3 Be5 43. Re1 Rb2 44. Rxb2 Bxb2 45. Ne4 a3 46. Re3 Rb8
47. h4 Rb4 48. Nf6 Bxf6 49. gxf6 Rb2+ 50. Kg3 Rxa2 51. Re7 Ra1 52. Rxc7 Ke8 53.
Re7+ Kd8 54. Kf4 a2 55. Ra7 Rh1 56. Rxa2 Rxh4+ 57. Kg5 Rh5+ 58. Kg4 Rf5 59. Ra7
Rxf6 60. f4 h5+ 61. Kg3 Ke8 62. Rc7 Kf8 63. Rd7 Kg7 64. Rd8 Re6 65. f5 gxf5 66.
Kf4 Kf6 67. Rh8 Re4+ 68. Kf3 Rxc4 69. Rxh5 Ke5 70. Rh7 Rc3+ 71. Ke2 Ke4 72.
Rxf7 f4 73. Rd7 d5 74. Re7+ Kd4 75. Kd2 Rd3+ 76. Kc2 c4 77. Rf7 f3 78. Rf4+ Ke3
79. Rf6 f2 0-1

[Event "Championnat de France - Open A"]
[Site "Pau"]
[Date "2008.08.15"]
[Round "4.55"]
[White "Lachique, Francois"]
[Black "Rodon, Gurvan"]
[Result "0-1"]
[WhiteElo "2104"]
[BlackElo "1989"]
[PlyCount "54"]

1. d4 Nf6 2. c4 e6 3. Nf3 b6 4. g3 Bb7 5. Bg2 Be7 6. O-O O-O 7. Re1 Ne4 8. Nfd2
d5 9. cxd5 exd5 10. Nxe4 dxe4 11. Nc3 f5 12. Bf4 Bd6 13. Bxd6 Qxd6 14. Rc1 Na6
15. Qb3+ Kh8 16. Red1 Rad8 17. Nb5 Qf6 18. Nxc7 Nxc7 19. Rxc7 Bd5 20. Qa3 f4
21. gxf4 Qxf4 22. Qg3 Qh6 23. Qe5 Qg6 24. Rdc1 Rf5 25. Rc8 Rxe5 26. dxe5 Rg8
27. Rxg8+ Kxg8 0-1

[Event "Championnat de France - Open A"]
[Site "Pau"]
[Date "2008.08.15"]
[Round "4.56"]
[White "Lemoine, Benoit"]
[Black "Bornhauser, Eric"]
[Result "1-0"]
[WhiteElo "2092"]
[BlackElo "1985"]
[PlyCount "69"]

1. e4 d6 2. d4 Nf6 3. Nc3 g6 4. Be3 c6 5. Qd2 b5 6. f3 Nbd7 7. g4 Nb6 8. b3 a6
9. a4 b4 10. Nce2 a5 11. Ng3 h5 12. gxh5 Nxh5 13. Nxh5 Rxh5 14. Ne2 Bg7 15. Ng3
Rh7 16. O-O-O Qc7 17. h4 Be6 18. h5 gxh5 19. Nxh5 O-O-O 20. Bg2 Bh8 21. Qf2 Nd7
22. Ng3 Rxh1 23. Bxh1 Kb7 24. Kb1 Rc8 25. Bg2 Nb6 26. f4 c5 27. dxc5 dxc5 28.
e5+ Ka7 29. Ne4 c4 30. bxc4 Bxc4 31. Nc5 Be6 32. Nxe6 fxe6 33. Bxb6+ Qxb6 34.
Rd7+ Ka6 35. Bf1+ 1-0

[Event "Championnat de France - Open A"]
[Site "Pau"]
[Date "2008.08.15"]
[Round "4.57"]
[White "Cramer, Stephen"]
[Black "Brih, Touatia"]
[Result "1-0"]
[WhiteElo "2090"]
[BlackElo "1934"]
[PlyCount "149"]

1. e4 c5 2. Nc3 a6 3. d3 b5 4. a3 Bb7 5. g3 e6 6. Bg2 d5 7. exd5 exd5 8. Qf3
Nf6 9. Bg5 Be7 10. O-O-O Nbd7 11. Qe2 O-O 12. f4 Re8 13. Nf3 b4 14. Nb1 bxa3
15. Nxa3 c4 16. Nb1 Bc5 17. Ne5 Qb6 18. Bxf6 Nxf6 19. dxc4 Be3+ 20. Nd2 d4 21.
Bxb7 Qxb7 22. Kb1 Bxd2 23. Qxd2 Ne4 24. Qxd4 Rab8 25. Rhe1 Nc5 26. Rd2 Na4 27.
Nf3 Rf8 28. Re3 Qxb2+ 29. Qxb2 Nxb2 30. Rb3 Nxc4 31. Rd4 Na3+ 32. Kb2 Nb5 33.
Rd7 Rfd8 34. Ne5 Rxd7 35. Nxd7 Rc8 36. Ne5 f6 37. Nf3 Nd6 38. Rc3 Rb8+ 39. Rb3
Nc4+ 40. Ka2 Re8 41. Rc3 Re4 42. Rd3 Re2 43. Kb3 Na5+ 44. Ka4 Nb7 45. Rc3 Re4+
46. Ka3 Nd6 47. Rd3 Nc4+ 48. Kb3 a5 49. Rd4 Re3+ 50. Kxc4 Rxf3 51. Rd2 Re3 52.
Kb5 Ra3 53. c4 a4 54. c5 Rc3 55. Kb4 Rc1 56. Ra2 Kf7 57. h4 Ke6 58. Rxa4 h5 59.
Ra6+ Kf5 60. c6 Kg4 61. Kb5 Kxg3 62. Ra4 Kxh4 63. Rc4 Rb1+ 64. Ka6 Ra1+ 65. Kb7
Rb1+ 66. Kc8 Rd1 67. c7 Kg3 68. Kb7 Rd7 69. Kc6 Rxc7+ 70. Kxc7 h4 71. f5 h3 72.
Kd6 h2 73. Rc1 Kg4 74. Ke6 g5 75. fxg6 1-0

[Event "Championnat de France - Open A"]
[Site "Pau"]
[Date "2008.08.15"]
[Round "4.58"]
[White "Ruch, Bernard"]
[Black "Jacquot, David"]
[Result "1-0"]
[WhiteElo "2022"]
[BlackElo "2087"]
[PlyCount "87"]

1. d4 Nf6 2. Nf3 g6 3. Bg5 Bg7 4. e3 d6 5. Nbd2 O-O 6. Bc4 c6 7. Qe2 Nbd7 8. c3
Qc7 9. h3 Re8 10. Bh4 b5 11. Bb3 a5 12. Ng5 e6 13. Bg3 Ba6 14. O-O a4 15. Bc2
h6 16. Nge4 Nxe4 17. Nxe4 e5 18. dxe5 dxe5 19. Rfd1 b4 20. Bd3 Bxd3 21. Qxd3
Rad8 22. cxb4 f5 23. Qc4+ Kh7 24. Nc3 Nb6 25. Qe2 Nd5 26. a3 Nxc3 27. bxc3 Qf7
28. c4 f4 29. Bh2 e4 30. Rac1 f3 31. Qc2 fxg2 32. Rxd8 Rxd8 33. Qxe4 Rd2 34.
Bg3 Bb2 35. Rb1 Bxa3 36. b5 cxb5 37. Rxb5 Rb2 38. Kxg2 Rxb5 39. cxb5 Qb3 40.
Qb7+ Kg8 41. b6 Bf8 42. Qc6 a3 43. b7 a2 44. Be5 1-0

[Event "Championnat de France - Open A"]
[Site "Pau"]
[Date "2008.08.15"]
[Round "4.59"]
[White "Armand, Jerome"]
[Black "Medeuf, Yonhel"]
[Result "0-1"]
[WhiteElo "2020"]
[BlackElo "2080"]
[PlyCount "80"]

1. e4 c5 2. Nf3 Nc6 3. Nc3 d6 4. d4 cxd4 5. Nxd4 e5 6. Ndb5 a6 7. Na3 Nf6 8.
Bg5 Be7 9. Bxf6 Bxf6 10. Nc4 Nd4 11. Nd5 b5 12. Ncb6 Rb8 13. c3 Bg4 14. f3 Bh4+
15. Kd2 Bg5+ 16. Kd3 Be6 17. cxd4 Rxb6 18. Nxb6 Qxb6 19. d5 O-O 20. Kc2 Rc8+
21. Kb3 a5 22. a3 a4+ 23. Ka2 b4 24. Qxa4 bxa3 25. Qb3 Qa5 26. Qxa3 Bxd5+ 27.
exd5 Qxd5+ 28. Bc4 Qxc4+ 29. Kb1 Qc2+ 30. Ka2 Qc4+ 31. Kb1 Qc2+ 32. Ka2 g6 33.
g3 Qc4+ 34. Kb1 Qc2+ 35. Ka2 Bd2 36. Rad1 Rc5 37. Rxd2 Qxd2 38. Qa7 Kg7 39. Qb8
Ra5+ 40. Kb3 Qd5+ 0-1

[Event "Championnat de France - Open A"]
[Site "Pau"]
[Date "2008.08.15"]
[Round "4.60"]
[White "Zeller, Olivier"]
[Black "Forestier, Carole"]
[Result "0-1"]
[WhiteElo "2011"]
[BlackElo "2067"]
[PlyCount "44"]

1. e4 e6 2. d4 d5 3. Nd2 Nf6 4. e5 Nfd7 5. f4 c5 6. c3 Nc6 7. Ndf3 Qb6 8. a3 c4
9. h4 Qc7 10. Ne2 b5 11. h5 f5 12. Rg1 Nb6 13. g4 g6 14. Bh3 Bd7 15. Be3 O-O-O
16. Bf2 Be7 17. Kd2 Na5 18. Nc1 Rdf8 19. gxf5 gxf5 20. Rg7 Qd8 21. b4 cxb3 22.
Nxb3 Nbc4+ 0-1

[Event "Championnat de France - Open A"]
[Site "Pau"]
[Date "2008.08.15"]
[Round "4.61"]
[White "Brunstein, Sandrine"]
[Black "Pradere, Anthony"]
[Result "1/2-1/2"]
[WhiteElo "2049"]
[BlackElo "1930"]
[PlyCount "178"]

1. e4 c5 2. Nf3 d6 3. c3 Nf6 4. Bb5+ Nbd7 5. d3 e6 6. Qe2 Be7 7. O-O O-O 8. d4
a6 9. Bd3 b5 10. e5 Nd5 11. exd6 Bxd6 12. Ng5 N7f6 13. dxc5 Bxc5 14. Ne4 Nxe4
15. Bxe4 Bb7 16. a4 Qb6 17. Na3 Bc6 18. Qc2 f5 19. Bf3 e5 20. b4 Bd6 21. axb5
axb5 22. Rd1 e4 23. Be2 Kh8 24. Bxb5 Nxb4 25. cxb4 Bxb5 26. Be3 Qb8 27. Nxb5
Bxh2+ 28. Kh1 Rxa1 29. Rxa1 Qxb5 30. Kxh2 Qe5+ 31. g3 Qxa1 32. b5 Qa8 33. b6
Qb7 34. Qc5 Rf7 35. Qe5 Qe7 36. Qd5 h6 37. Bf4 Qb7 38. Qd8+ Kh7 39. Bc7 e3 40.
fxe3 Qc6 41. Qd3 Qf3 42. Qd2 Re7 43. Qg2 Qh5+ 44. Qh3 Qe2+ 45. Qg2 Qb5 46. Qf3
Re4 47. b7 Qxb7 48. Qxf5+ Kg8 49. Bf4 Qe7 50. Kg2 Qe6 51. Qa5 Rc4 52. Qa8+ Rc8
53. Qa4 Qc6+ 54. Qxc6 Rxc6 55. Kf3 Kf7 56. Be5 g6 57. Kf4 Ke6 58. Bg7 h5 59. e4
Rc5 60. Bd4 g5+ 61. Kf3 Rb5 62. Be3 Rb3 63. Kf2 g4 64. Bf4 Kd7 65. Ke2 Kc6 66.
Be3 Kd6 67. Bf4+ Kc5 68. Be3+ Kc4 69. e5 Rb2+ 70. Kf1 Kd3 71. Bg5 Re2 72. Bf4
Re4 73. Kf2 Kc4 74. Kf1 h4 75. e6 h3 76. Kf2 Kd3 77. Kg1 Ke2 78. Kh1 Kf1 79.
Be3 Rxe6 80. Bf4 Kf2 81. Kh2 Kf3 82. Bc7 Re2+ 83. Kh1 Rg2 84. Bb6 Kxg3 85. Bc7+
Kf3 86. Bb6 g3 87. Be3 Re2 88. Bg1 h2 89. Bxh2 g2+ 1/2-1/2

[Event "Championnat de France - Open A"]
[Site "Pau"]
[Date "2008.08.15"]
[Round "4.62"]
[White "Ane, Regis"]
[Black "Noizat, Pierre"]
[Result "1/2-1/2"]
[WhiteElo "1993"]
[BlackElo "2045"]
[PlyCount "95"]

1. e4 c6 2. d4 d5 3. e5 Bf5 4. Be3 Na6 5. c3 Nc7 6. Nd2 h5 7. Be2 g6 8. Ngf3 e6
9. O-O Be7 10. b4 Bg4 11. h3 Bxf3 12. Nxf3 Nh6 13. a4 a6 14. Bxh6 Rxh6 15. Qd2
Rh7 16. Qf4 g5 17. Qg3 Kd7 18. Nd2 Qh8 19. f4 gxf4 20. Qxf4 Rg8 21. Nf3 Rhg7
22. Rf2 Qh7 23. Bf1 Rg3 24. Kh2 R8g7 25. Qxg3 Rxg3 26. Kxg3 Qe4 27. Raa2 f5 28.
Kh2 h4 29. Rab2 Qd3 30. c4 Bxb4 31. Nxh4 Qxd4 32. Nf3 Qc5 33. Rfc2 Qe7 34. g3
c5 35. cxd5 Nxd5 36. Rb3 Qg7 37. Bc4 Nb6 38. Rd3+ Ke7 39. Bxe6 Qg6 40. Rd6 f4
41. Rg2 fxg3+ 42. Rxg3 Qc2+ 43. Rg2 Qe4 44. Bg4 Nc4 45. Rd7+ Ke8 46. e6 Kf8 47.
Rf7+ Ke8 48. Bh5 1/2-1/2

[Event "Championnat de France - Open A"]
[Site "Pau"]
[Date "2008.08.15"]
[Round "4.63"]
[White "Carre, Sylvain"]
[Black "Neri, Jean-Baptiste"]
[Result "0-1"]
[WhiteElo "2044"]
[BlackElo "1928"]
[PlyCount "80"]

1. c4 c5 2. Nc3 Nc6 3. g3 g6 4. Bg2 Bg7 5. e3 e5 6. Nge2 Nge7 7. d3 d6 8. Nd5
Nxd5 9. cxd5 Ne7 10. O-O f5 11. e4 O-O 12. Rb1 a5 13. a4 Bd7 14. Nc3 Rb8 15. f4
b5 16. axb5 Bxb5 17. Nxb5 Rxb5 18. Qe2 Qb6 19. Kh1 Rb8 20. fxe5 Bxe5 21. Bg5
Rxb2 22. Rxb2 Qxb2 23. Qf3 Bf6 24. Bxf6 Qxf6 25. Bh3 Rf8 26. exf5 gxf5 27. g4
f4 28. g5 Qe5 29. Be6+ Kh8 30. h4 Nf5 31. h5 Qe3 32. Qxe3 Nxe3 33. Ra1 f3 34.
Bh3 f2 35. Bf1 Nxf1 36. Rxf1 Rf5 37. h6 Kg8 38. Kh2 Kf7 39. Kg3 Kg6 40. Kh4 a4
0-1

[Event "Championnat de France - Open A"]
[Site "Pau"]
[Date "2008.08.15"]
[Round "4.64"]
[White "Le Bail, Clara"]
[Black "Auvray, Simon"]
[Result "1-0"]
[WhiteElo "2035"]
[BlackElo "1920"]
[PlyCount "99"]

1. e4 c5 2. c3 d5 3. exd5 Qxd5 4. d4 Nc6 5. Nf3 Bg4 6. Be2 O-O-O 7. Be3 Nf6 8.
Qa4 Bd7 9. dxc5 e5 10. Bc4 Qe4 11. Bb5 Qxa4 12. Bxa4 e4 13. Ng5 Ne5 14. Bc2 Bc6
15. Nd2 h6 16. Ngxe4 Nxe4 17. Nxe4 f5 18. Nd2 g6 19. Bd4 Re8 20. O-O Rh7 21.
Rfe1 Rhe7 22. a4 h5 23. f4 Ng4 24. Rxe7 Rxe7 25. Bd3 Ne3 26. g3 Nd5 27. Nc4 Bg7
28. Ne5 Be8 29. Kf2 Nf6 30. h3 Nd7 31. Nxd7 Bxd7 32. Bxg7 Rxg7 33. Bb5 Be6 34.
c6 Bd5 35. cxb7+ Bxb7 36. Rd1 Kc7 37. b4 h4 38. gxh4 Rh7 39. Rd4 Rxh4 40. Rd7+
Kc8 41. Kg3 Rh8 42. Rd6 Rg8 43. c4 Kc7 44. c5 g5 45. Rd7+ Kb8 46. c6 Bc8 47.
Rh7 g4 48. hxg4 fxg4 49. c7+ Kb7 50. Bd7 1-0

[Event "Championnat de France - Open A"]
[Site "Pau"]
[Date "2008.08.15"]
[Round "4.65"]
[White "Eid, Maha"]
[Black "Coustance, Kevin"]
[Result "1-0"]
[WhiteElo "1953"]
[BlackElo "2034"]
[PlyCount "115"]

1. d4 c5 2. d5 Nf6 3. c4 d6 4. Nc3 e5 5. e4 Be7 6. Be2 O-O 7. Nf3 Ne8 8. Nd2 g6
9. O-O Ng7 10. a3 Bg5 11. Nf3 Bxc1 12. Qxc1 f5 13. Qg5 Qxg5 14. Nxg5 h6 15. Nf3
a6 16. b4 Nd7 17. Nh4 Kh7 18. Rab1 b6 19. Nf3 Nf6 20. Nd2 Ra7 21. f3 Raf7 22.
bxc5 bxc5 23. Rb6 Nfe8 24. Rfb1 fxe4 25. Ndxe4 Nf5 26. Bd1 Ne3 27. Be2 Rd7 28.
Rb8 Rc7 29. R1b6 Nf5 30. Bf1 g5 31. Be2 Kg7 32. Bd1 g4 33. Rc6 gxf3 34. Bxf3
Rxc6 35. dxc6 Nc7 36. Nd5 Nxd5 37. cxd5 c4 38. Nc3 Kf7 39. Bg4 Ke7 40. Rxc8
Rxc8 41. Bxf5 Rc7 42. Kf2 Kd8 43. Bd7 Ra7 44. Ne4 Kc7 45. Ke3 Ra8 46. Kd2 Rf8
47. g4 Rf3 48. Kc2 Rf8 49. Kc3 Rf3+ 50. Kxc4 Rxa3 51. Nf6 Ra5 52. Ne8+ Kb6 53.
c7 Rc5+ 54. Kb4 e4 55. c8=Q Rxc8 56. Bxc8 a5+ 57. Kc3 e3 58. Bd7 1-0

[Event "Championnat de France - Open A"]
[Site "Pau"]
[Date "2008.08.15"]
[Round "4.66"]
[White "Budin, Florent"]
[Black "Jactel, Nicolas"]
[Result "1/2-1/2"]
[WhiteElo "1973"]
[BlackElo "2141"]
[PlyCount "226"]

1. d4 Nf6 2. Nf3 g6 3. c4 Bg7 4. Nc3 d5 5. Bg5 Ne4 6. cxd5 Nxg5 7. Nxg5 e6 8.
Qd2 exd5 9. Qe3+ Kf8 10. Qf4 Bf6 11. h4 h6 12. Nf3 Kg7 13. e4 c6 14. exd5 cxd5
15. Bd3 Re8+ 16. Kf1 Nc6 17. a3 Be6 18. g4 Qb8 19. Qxb8 Raxb8 20. g5 hxg5 21.
hxg5 Bxd4 22. Nxd4 Nxd4 23. Kg2 Rh8 24. Rxh8 Rxh8 25. Rd1 Rh5 26. f4 Rh4 27. f5
gxf5 28. Bb1 Kg6 29. Ba2 Kxg5 30. Kf2 Rf4+ 31. Ke3 Nc6 32. Bxd5 Bxd5 33. Rxd5
Rh4 34. Rd7 Rh3+ 35. Kd2 Rh2+ 36. Kc1 f4 37. Rxf7 Nd4 38. Rxb7 f3 39. Nd1 Rc2+
40. Kb1 Rd2 41. Kc1 Rc2+ 42. Kb1 a6 43. Rb4 Rd2 44. Kc1 Rxd1+ 45. Kxd1 f2 46.
Rxd4 f1=Q+ 47. Kc2 Kf5 48. Rd1 Qe2+ 49. Rd2 Qc4+ 50. Kb1 Ke4 51. Rd1 Qb3 52.
Rc1 Kd4 53. Rc3 Qe6 54. Ka1 Qe1+ 55. Ka2 Qf1 56. Rc7 Qe1 57. Rc3 Qe5 58. Kb1
Qd5 59. Ka1 Qh1+ 60. Ka2 a5 61. Rc7 Qd5+ 62. Ka1 Qb3 63. Rc3 Qd1+ 64. Ka2 Kd5
65. Rc8 Ke6 66. Rc5 Qd2 67. Rc3 Kd6 68. Kb1 Qd1+ 69. Rc1 Qd2 70. Rc3 Kd7 71.
Rc1 Ke6 72. Rc3 Kf5 73. Rc1 Kf4 74. Rc4+ Kf3 75. Rc3+ Ke4 76. Rc4+ Kd3 77. Rc3+
Kd4 78. Rc7 Qd3+ 79. Ka2 Qg3 80. Rc3 Qg8+ 81. Kb1 Qg5 82. Rc1 Qf5+ 83. Ka2 Kd3
84. Rc3+ Kd2 85. Ka1 Qe4 86. Ka2 Qe1 87. Rc6 Qh1 88. Rc5 Qa8 89. Rc3 Qg8+ 90.
Kb1 a4 91. Rc2+ Kd1 92. Rc1+ Kd2 93. Rc2+ Kd3 94. Rc3+ Kd4 95. Ka1 Qg1+ 96. Ka2
Qe1 97. Rc6 Qe8 98. Rc3 Qb5 99. Kb1 Qf1+ 100. Ka2 Qd1 101. Rg3 Kc4 102. Rc3+
Kb5 103. Rg3 Qd5+ 104. Ka1 Qe5 105. Rc3 Kb6 106. Kb1 Qe1+ 107. Rc1 Qd2 108. Rc3
Qd1+ 109. Rc1 Qd3+ 110. Ka2 Qb3+ 111. Kb1 Kb5 112. Rc3 Qd1+ 113. Rc1 Qd3+
1/2-1/2

[Event "Championnat de France - Open A"]
[Site "Pau"]
[Date "2008.08.15"]
[Round "4.67"]
[White "Dube, Dimitri"]
[Black "Le Montagner, Yoann"]
[Result "0-1"]
[WhiteElo "2124"]
[BlackElo "2014"]
[PlyCount "72"]

1. c3 Nf6 2. d3 d5 3. Nf3 c6 4. Nbd2 Bf5 5. Nh4 Bg6 6. g3 e5 7. Bg2 Nbd7 8. O-O
Bd6 9. e4 Qc7 10. Re1 dxe4 11. dxe4 Bc5 12. b4 Bb6 13. Nc4 O-O 14. Qc2 c5 15.
b5 a6 16. Rb1 Ba7 17. bxa6 bxa6 18. f4 Ne8 19. Nf5 f6 20. Ne7+ Kh8 21. Nd5 Qc6
22. Bh3 Qxd5 23. exd5 Bxc2 24. Rb7 Bd3 25. Nb2 c4+ 26. Be3 Bxe3+ 27. Rxe3 Nc5
28. Rb4 Nc7 29. Bg2 e4 30. Nxd3 cxd3 31. Bxe4 d2 32. Rd4 Rfe8 33. d6 Nb5 34.
Rxd2 Rad8 35. d7 Rxe4 36. Rxe4 Nxd7 0-1

[Event "Championnat de France - Open A"]
[Site "Pau"]
[Date "2008.08.15"]
[Round "4.68"]
[White "Garrel, Alain"]
[Black "Vaillant, Stephane"]
[Result "1-0"]
[WhiteElo "2107"]
[BlackElo "2016"]
[PlyCount "77"]

1. d4 e6 2. Nf3 Nf6 3. Bg5 b6 4. e3 Bb7 5. Nbd2 Be7 6. Bd3 d6 7. O-O Nbd7 8. c3
h6 9. Bh4 O-O 10. e4 e5 11. h3 c5 12. dxe5 Nxe5 13. Nxe5 dxe5 14. Qe2 Qc7 15.
Bg3 Rae8 16. Rad1 Bd8 17. Bb5 Bc6 18. Bxc6 Qxc6 19. Rfe1 Bc7 20. f3 Nh5 21. Bh2
g6 22. Nc4 b5 23. Ne3 c4 24. Nd5 Kg7 25. g4 Nf6 26. Kg2 Bb6 27. Rd2 Nd7 28.
Nxb6 Nxb6 29. Red1 Re6 30. Rd5 Rfe8 31. Qf2 R8e7 32. h4 Qe8 33. Rd8 Qc6 34. Bg1
Na4 35. g5 h5 36. R1d5 Re8 37. Rxe8 Qxe8 38. Bh2 f6 39. Qxa7+ 1-0

[Event "Championnat de France - Open A"]
[Site "Pau"]
[Date "2008.08.15"]
[Round "4.69"]
[White "Zaninetti, Laurent"]
[Black "Vignier, Pascal"]
[Result "0-1"]
[WhiteElo "2013"]
[BlackElo "2068"]
[PlyCount "84"]

1. Nf3 Nf6 2. c4 c6 3. d4 d5 4. cxd5 cxd5 5. Nc3 Nc6 6. Bf4 e6 7. a3 Be7 8. e3
Nh5 9. Be5 Nxe5 10. Nxe5 Nf6 11. Bd3 O-O 12. O-O Nd7 13. f4 f5 14. Nxd7 Bxd7
15. Kh1 Rc8 16. Qb3 Rb8 17. Qc2 b5 18. g4 g6 19. gxf5 gxf5 20. Rg1+ Kh8 21. Qe2
Qe8 22. Qg2 Qf7 23. Qe2 Be8 24. Rac1 Qf6 25. Qf3 Bg6 26. Rc2 Rbc8 27. Rgc1 Rg8
28. Ne2 Rxc2 29. Rxc2 Be8 30. Nc1 Qh4 31. Qf2 Bh5 32. Qf1 Bg4 33. Qf2 Qxf2 34.
Rxf2 Bh4 35. Rf1 Rc8 36. Kg2 Rc3 37. a4 bxa4 38. h3 Bh5 39. Ba6 Rc2+ 40. Kg1 a3
41. Nd3 a2 42. Nb4 Bf2+ 0-1